Preparation PET and practice

Salvato in:
Dettagli Bibliografici
Autore principale: Ward, Ann
Natura: Libro
Lingua:Undetermined
Pubblicazione: Oxford Oxford University Press 1996
Soggetti:
Tags: Aggiungi Tag
Nessun Tag, puoi essere il primo ad aggiungerne! !
Thư viện lưu trữ: Trung tâm Học liệu Trường Đại học Cần Thơ
LEADER 00527nam a2200193Ia 4500
001 CTU_118939
008 210402s9999 xx 000 0 und d
082 |a 428.34 
082 |b W256 
100 |a Ward, Ann 
245 0 |a Preparation PET and practice 
245 0 |c Ann Ward 
260 |a Oxford 
260 |b Oxford University Press 
260 |c 1996 
650 |a English language,English language 
650 |x Listening,Study and teaching 
904 |i M.Loan 
980 |a Trung tâm Học liệu Trường Đại học Cần Thơ